History Quiz

Random History or Country Quiz

Borders of France (1870-) Quiz Stats

 Plays Quiz Updated Mar 13, 2018

Challenge
Share
Tweet
Embed
Score 0/52 Timer 05:00
0 Plays Today
Years Bordering Country % Correct
1870-1871Prussia
97.9%
1870-1871Kingdom of Bavaria
97.7%
1870-1873Spain
97.7%
1874-1931; 1975-Kingdom of Spain
97.7%
1873-1874Republic of Spain
97.7%
1931-1939Spanish Republic
97.7%
1939-1975Spanish State
97.7%
1871-1918German Empire
97.7%
1918-1933Weimar Republic
97.7%
1870-1871Grand Duchy of Baden
97.7%
1933-1945Third German Reich
97.7%
1945-Germany
97.7%
1900-1960Anglo-Egyptian Sudan
93.8%
1870-1946Kingdom of Italy
93.3%
1946-Italy
93.3%
1870-Belgium
92.5%
1870-Switzerland
89.5%
1870-1960United Kingdom
86.6%
1870-Andorra
83.2%
1870-1975Netherlands
82.8%
1870-Luxembourg
82%
1870-1912Empire of China
81.4%
1912-1949Republic of China
81.4%
1949-1954China
81.4%
1956-1962Morocco
78.4%
1870-1889Empire of Brazil
75.4%
Years Bordering Country % Correct
1889-Brazil
75.4%
1870-1881Beylik of Tunis
75.3%
1870-Monaco
72.8%
1956-1962Tunisia
72.6%
1951-1962Libya
71.8%
1870-1954India
71.1%
1975-Suriname
65.9%
1870-1958Portugal
64.8%
1960-1962Niger
62.8%
1883-1936Abyssinia
61.4%
1941-1977Ethiopia
61.3%
1887-1932Siam
58.8%
1956-1960Sudan
58.7%
1960-1962Mali
58.6%
1923-1946Turkey
57.7%
1932-1954Thailand
56.1%
1960-1977Somalia
53.5%
1932-1946Kingdom of Iraq
52.1%
1960-1962Mauritania
45.6%
1957-1960Ghana
45.3%
1870-1958Liberia
41.9%
1948-1954Burma
39.5%
1958-1960Guinea
34.6%
1882-1908Congo Free State
32.9%
1881-1911Kingdom of Tripoli
21.4%
1920-1923Ottoman Empire
21.3%

You're not logged in!

Compare scores with friends on all Sporcle quizzes.
Join for Free
OR
Log In

You Might Also Like...

Show Comments

Extras

Top Quizzes Today


Score Distribution

Your Account Isn't Verified!

In order to create a playlist on Sporcle, you need to verify the email address you used during registration. Go to your Sporcle Settings to finish the process.

Report this User

Report this user for behavior that violates our Community Guidelines.

Details: